000 00604cam a2200205 a 4500
020 _a0023547618
082 0 0 _a620.1
_bMER
100 1 _aMeriam, J.L
_913089
245 1 0 _aEngineering mechanics.
_bStatics
250 _a8th ed.
260 _aIndia :
_bJ Wiley,
_c2017..
300 _axv, 513 p. :
_bcol. ill. ;
_c25 cm.
500 _aIncludes index.
526 _a0
_b0
_c0
_d620_100000000000000_MER
526 _a0
_b0
_c0
_d620_100000000000000_MER
526 _a0
_b0
_c0
_d620_100000000000000_MER
650 0 _aMechanics, Applied.
_913090
700 _aKraige, L.G; Bolton, J.N
_951499
942 _2ddc
_cBK
999 _c554182
_d554182